Resoluciones Asamblea General SINDEU, 22 de junio de 1983

Sábháilte in:
Sonraí bibleagrafaíochta
Údar corparáideach: Sindicato de Empleados de la Universidad de Costa Rica
Formáid: Téacs
Foilsithe / Cruthaithe: San José :
Ábhair:
Clibeanna: Cuir clib leis
Níl clibeanna ann, Bí ar an gcéad duine le clib a chur leis an taifead seo!

MARC

LEADER 00000 a a2200000 04500
001 14778
003
040 |a CRAI/IIS  |c CRAI/IIS 
090 |a EXTRAVIADO  
110 |a Sindicato de Empleados de la Universidad de Costa Rica  
245 |a Resoluciones Asamblea General SINDEU, 22 de junio de 1983  
260 |a San José :  
300 |a 10 p.  
650 |a SINDICATOS  
999 |c 14966  |d 14966